| 000 | 00522nam a22001937a 4500 | ||
|---|---|---|---|
| 003 | OSt | ||
| 005 | 20140310182846.0 | ||
| 008 | 130611t xxu||||| |||| 00| 0 eng d | ||
| 050 |
_aPE 1128 _b.Si616 1992 |
||
| 082 |
_aM 823.912 _bM44 1992 |
||
| 245 |
_aFootprints in the jungle and other stories / _cMaugham, W. Somerset |
||
| 260 |
_bHeinemann, _cc1992. |
||
| 300 |
_a63 p. : _bill. ; _c20 cm. |
||
| 521 | _acollege students | ||
| 526 | _c1210L-1700L | ||
| 541 | _j1 | ||
| 562 | _e1 | ||
| 942 |
_2lcc _cBK _kM |
||
| 999 |
_c16924 _d16924 |
||